| 000 | 01480nam a22001457a 4500 | ||
|---|---|---|---|
| 080 | _a09 | ||
| 090 | _bВОЙ | ||
| 100 | _aВойцехівська І. Р. | ||
| 245 | _aФункціонально-структурні особливості англійських ЛО на позначення поняття life | ||
| 260 |
_aОстрог _bКАФ _c2012 |
||
| 300 | _a51 | ||
| 520 |
_aВСТУП
РОЗДІЛ 1 ОСНОВНІ ПОЛОЖЕННЯ ТЕОРІЇ ФРАЗЕОЛОГІЇ
1.1 Фразеологія як наука та предмет її дослідження семантична класифікація
1.2 Основні підходи до виявлення національно-культурної специфіки англійської лексики
1.3 Національно-культурна специфіка фразеологізмів
РОЗДІЛ 2 ФУНКЦІОНАЛЬНІ ТА СТРУКТУРНІ ОСОБЛИВОСТІ ФРАЗЕОЛОГІЗМІВ З КОМПОНЕНТОМ LIFE
2.1 Характеристика дієслівних фразеологізмів за словом life
2.2 Аналіз іменникових, прикметникових, зайиенникових, та прислівникових ФО з компонентом life
2.3 Національно-культурна специфіка лексеми life
ВИСНОКИ _0фразеологія, life |
||
| 650 | _aResearch Papers | ||
| 999 |
_c284978 _d284978 |
||
| 942 | _cBK | ||